000 00637nam a2200241 u 4500
999 _c63599
_d63599
001 63599
003 Mx-PuUPA
005 20190704154510.0
008 150925s1990 mx r 000 0 spa d
020 _a968-23-1672-3
040 _cMx-PuUPA
082 _a860
_bCOR
100 1 _aCorza, Mannuel
_eautor
245 1 0 _aRumor en la nostalgia antigua.
250 _aPrimera edición
264 _aMéxico :
_bSiglo Veintiuno,
_c1990
300 _a159 páginas ;
_c21 cm.
336 _atexto
_2rdacontent
337 _asin mediación
_2rdamedia
338 _avolumen
_2rdacarrier
490 1 _aLa creación literaria
942 _2ddc
_cLI